El concepto de la angustia: una sencilla investigación psicológica orientada hacia el problema dogmático del pecado original

Guardat en:
Dades bibliogràfiques
Format: Llibre
Idioma:espanyol
Publicat: Buenos Aires Espasa-Calpe 1940
Col·lecció:Colección Austral, 158
Matèries:
Etiquetes: Afegir etiqueta
Sense etiquetes, Sigues el primer a etiquetar aquest registre!

MARC

LEADER 00000nam a2200000 a 4500
001 UCZ3418
003 CL-VaPUC
008 951020e19400000AG |||||||||||||||||spa|d
082 0 4 |a 142.7  |b KIE  |2 21 
245 1 3 |a El concepto de la angustia: una sencilla investigación psicológica orientada hacia el problema dogmático del pecado original 
300 |a 176 p 
942 |c BK 
945 |d 19951020 00:00:00  |a lriquelm 
260 |a Buenos Aires  |b Espasa-Calpe  |c 1940 
650 0 |a Existencialismo  |9 265698 
650 0 |a Naturaleza humana   |9 308593 
650 0 |a Filosofía danesa  |9 266957 
650 7 |a INVESTIGACION PSICOLOGICA  |2 CL-VaPUC  |9 309030 
650 0 |a Virtud y vicio  |9 310637 
650 7 |a SUFRIMIENTO  |2 CL-VaPUC  |9 323030 
583 |a last modification  |c 19951020 00:00:00  |k Rodrigo Vera 
490 0 |a Colección Austral, 158 
999 |c 239897  |d 239895 
952 |0 0  |1 0  |4 0  |6 142_700000000000000_KIE_1940  |7 0  |8 A  |9 251366  |a BIBEDU  |b BIBEDU  |d 2019-11-18  |i 1587692  |l 2  |o 142.7 KIE 1940  |p 1587692  |r 2024-06-17  |s 2024-06-10  |w 2019-11-18  |y BK  |k FIL